[Event "Provaglio op 30th"]
[Site "Provaglio"]
[Date "2013.11.08"]
[Round "1"]
[White "Vagliati, Massimo"]
[Black "Massetti, Euro"]
[Result "0-1"]
[WhiteElo "1701"]
[BlackElo "1925"]
[PlyCount "48"]
[EventDate "2013.11.08"]
[EventType "swiss"]
[EventRounds "7"]
[EventCountry "ITA"]
[SourceTitle "EXT 2015"]
[Source "ChessBase"]
[SourceDate "2014.11.20"]
[SourceVersion "1"]
[SourceVersionDate "2014.11.20"]
[SourceQuality "1"]

1. d4 Nf6 2. c4 e5 3. d5 Bc5 4. Nc3 d6 5. Na4 Bxf2+ 6. Kxf2 Ne4+ 7. Kf3 f5 8. Qe1 0-0 9. h4 Qe8 10. Nc3 Qh5+ 11. Ke3 f4+ 12. Kd3 Ng3 13. Rh2 Na6 14. Kc2 Qf5+ 15. Kb3 Nc5+ 16. Ka3 Qc2 17. Qd2 Qf5 18. Nf3 Nxf1 19. Qe1 Nxh2 20. Nxh2 Ne4 21. Nf3 Nxc3 22. Qxc3 Qg6 23. Bd2 Qxg2 24. Rg1 Qxe2 0-1

[Event "Provaglio Primavera op"]
[Site "Provaglio"]
[Date "2013.03.15"]
[Round "2"]
[White "Vagliati, Massimo"]
[Black "Caceffo, Daniele"]
[Result "1/2-1/2"]
[WhiteElo "1702"]
[BlackElo "1449"]
[PlyCount "59"]
[EventDate "2013.03.08"]
[EventType "swiss"]
[EventRounds "7"]
[EventCountry "ITA"]
[SourceTitle "EXT 2014"]
[Source "ChessBase"]
[SourceDate "2013.11.20"]
[SourceVersion "1"]
[SourceVersionDate "2013.11.20"]
[SourceQuality "1"]

1. d4 Nf6 2. c4 g6 3. Nc3 Bg7 4. e4 d6 5. f3 0-0 6. Nge2 e5 7. d5 Nbd7 8. b4 b6 9. Be3 Qe7 10. Ng3 Bb7 11. Be2 Rfc8 12. 0-0 Ne8 13. Qd2 a5 14. a3 Bh8 15. Bd3 axb4 16. axb4 Ra6 17. Rxa6 Bxa6 18. Ra1 Ra8 19. Ra3 Bb7 20. Qa2 Qd8 21. Nb5 Rxa3 22. Qxa3 Qa8 23. Qxa8 Bxa8 24. Na7 Nb8 25. Bc2 Na6 26. Ba4 Kf8 27. Bd2 Bf6 28. Bb5 Nb8 29. Kf2 Ke7 30. Ne2 1/2-1/2

[Event "Brescia Province-ch"]
[Site "Provaglio"]
[Date "2012.03.09"]
[Round "2"]
[White "Vagliati, Massimo"]
[Black "Brugaletta, Giorgio"]
[Result "1/2-1/2"]
[WhiteElo "1732"]
[BlackElo "1696"]
[PlyCount "54"]
[EventDate "2012.03.02"]
[EventType "swiss"]
[EventRounds "8"]
[EventCountry "ITA"]
[SourceTitle "EXT 2024"]
[Source "ChessBase"]
[SourceDate "2023.10.10"]
[SourceVersion "1"]
[SourceVersionDate "2023.10.10"]
[SourceQuality "1"]

1. d4 d5 2. c4 e6 3. Nc3 Nf6 4. e3 c5 5. Nf3 cxd4 6. exd4 Nc6 7. Bf4 a6 8. a3 h6 9. h3 Bd6 10. Bxd6 Qxd6 11. c5 Qf4 12. Be2 0-0 13. g3 Qc7 14. b4 Bd7 15. 0-0 Ne4 16. Qe1 Rfe8 17. Kg2 Nxc3 18. Qxc3 e5 19. dxe5 Nxe5 20. Rad1 Rad8 21. Rfe1 Bc6 22. Nd4 Bd7 23. Kh2 Qc8 24. Bf1 Nc6 25. Bg2 Nxd4 26. Qxd4 Rxe1 27. Rxe1 Be6 1/2-1/2

[Event "Provaglio op 27th"]
[Site "Provaglio"]
[Date "2010.11.12"]
[Round "3"]
[White "Vagliati, Massimo"]
[Black "Cosmai, Emanuele"]
[Result "1-0"]
[WhiteElo "1610"]
[BlackElo "1467"]
[PlyCount "79"]
[EventDate "2010.10.29"]
[EventType "swiss"]
[EventRounds "8"]
[EventCountry "ITA"]
[SourceTitle "EXT 2015"]
[Source "ChessBase"]
[SourceDate "2014.11.20"]
[SourceVersion "1"]
[SourceVersionDate "2014.11.20"]
[SourceQuality "1"]

1. d4 Nf6 2. c4 b6 3. Nc3 Ba6 4. e3 e6 5. Nf3 Bb4 6. Qc2 0-0 7. Bd3 d5 8. Ne5 dxc4 9. Bxc4 Bxc4 10. Nxc4 Nc6 11. 0-0 Rc8 12. Ne2 b5 13. Nd2 Ne7 14. a3 Bd6 15. b4 a6 16. e4 c5 17. bxc5 Bxh2+ 18. Kxh2 Ng4+ 19. Kg1 Ng6 20. Nf3 Nh4 21. Qd3 Rxc5 22. Nxh4 Rh5 23. Nf3 Nh2 24. Nxh2 Qh4 25. Qg3 Qxe4 26. Be3 f5 27. Qf3 Qh4 28. Qg3 g5 29. Qxh4 gxh4 30. Nf4 Rh6 31. Rac1 Kf7 32. Rc6 Rg8 33. d5 h3 34. g3 Rh4 35. dxe6+ Kf6 36. Kh1 Rhg4 37. Nxg4+ fxg4 38. Bd4+ Kf5 39. Re1 Rd8 40. Rc5+ 1-0

[Event "Provaglio op 27th"]
[Site "Provaglio"]
[Date "2010.10.29"]
[Round "1"]
[White "Massetti, Euro"]
[Black "Vagliati, Massimo"]
[Result "1-0"]
[WhiteElo "1919"]
[BlackElo "1610"]
[PlyCount "45"]
[EventDate "2010.10.29"]
[EventType "swiss"]
[EventRounds "8"]
[EventCountry "ITA"]
[SourceTitle "EXT 2015"]
[Source "ChessBase"]
[SourceDate "2014.11.20"]
[SourceVersion "1"]
[SourceVersionDate "2014.11.20"]
[SourceQuality "1"]

1. c4 Nf6 2. Nc3 g6 3. d4 Bg7 4. g3 c6 5. Bg2 d5 6. b3 Bf5 7. e3 0-0 8. Nge2 Ne4 9. 0-0 Qd7 10. Ba3 Re8 11. Rc1 Na6 12. cxd5 cxd5 13. Nf4 Nxc3 14. Rxc3 Be4 15. f3 Bf5 16. Qd2 Nc7 17. Bb2 Rac8 18. Rfc1 b6 19. g4 Be6 20. Qc2 Bh6 21. Rxc7 Bxf4 22. exf4 Rxc7 23. Qxc7 1-0